The good usability handbook

Αποθηκεύτηκε σε:
Λεπτομέρειες βιβλιογραφικής εγγραφής
Κύριος συγγραφέας: George, Helen 1954-
Μορφή: Βιβλίο
Γλώσσα:English
Δημοσίευση: London ; New York : McGraw-Hill, c1996
Θέματα:
Ετικέτες: Προσθήκη ετικέτας
Δεν υπάρχουν, Καταχωρήστε ετικέτα πρώτοι!

MARC

LEADER 00000nam a2200000 i 4500
001 1/103993
008 000303s1996 eng d
020 |a 0077090233 
035 |l 10058679 
040 |a GR-MY-UA  |b gre  |e aacr 
041 0 |a eng 
082 0 |a 005.1 
100 1 |a George, Helen  |d 1954- 
245 1 4 |a The good usability handbook /  |c Helen George 
260 |a London ; New York :   |b McGraw-Hill,   |c c1996 
300 |a xii, 97 p.;  |b ill.;  |c 25 cm. 
504 |a Includes bibliographical references and index. 
650 0 0 |a Computer software  |x Development. 
650 0 0 |a User interfaces (Computer systems) 
852 |a INST  |b SAMOS  |e 20000303  |h 005.1 GEO  |p 005300016177  |q 005300016177  |t BK  |y 0 
901 |a BIBL3-2000-1 
909 |a Σ  |b 067576 
922 |a 3ΕΛΗ  |b 199911  |c ΕΠΕΑΕΚ/ΜΑΘ  |d ΠΑΠΑΣΩΤΗΡΙΟΥ 
970 |a ΚΟΣΙΕΡΗΣ  |b ΧΡΗΣΤΟΣ  |z 2000/03/03